<?xml version="1.0" encoding="UTF-8"?>
<record
    xmlns:xsi="http://www.w3.org/2001/XMLSchema-instance"
    xsi:schemaLocation="http://www.loc.gov/MARC21/slim http://www.loc.gov/standards/marcxml/schema/MARC21slim.xsd"
    xmlns="http://www.loc.gov/MARC21/slim">

  <leader>00763nam a22001817a 4500</leader>
  <datafield tag="999" ind1=" " ind2=" ">
    <subfield code="c">178542</subfield>
    <subfield code="d">178542</subfield>
  </datafield>
  <controlfield tag="005">20210406121234.0</controlfield>
  <controlfield tag="008">210405b           ||||| |||| 00| 0 eng d</controlfield>
  <datafield tag="010" ind1=" " ind2=" ">
    <subfield code="a">MAL-9294</subfield>
  </datafield>
  <datafield tag="020" ind1=" " ind2=" ">
    <subfield code="a">978-93-88485-78-4</subfield>
    <subfield code="c">320.00</subfield>
  </datafield>
  <datafield tag="035" ind1=" " ind2=" ">
    <subfield code="a">MA-8751</subfield>
  </datafield>
  <datafield tag="082" ind1=" " ind2=" ">
    <subfield code="a">894.8123</subfield>
    <subfield code="b">&#xD24;&#xD4B;&#xD2E;&#xD38;&#xD4D; </subfield>
  </datafield>
  <datafield tag="100" ind1=" " ind2=" ">
    <subfield code="a">  &#xD24;&#xD4B;&#xD2E;&#xD38;&#xD4D;, &#xD39;&#xD3E;&#xD7B;&#xD21;&#xD3F; </subfield>
  </datafield>
  <datafield tag="245" ind1=" " ind2=" ">
    <subfield code="a">&#xD15;&#xD3E;&#xD38;&#xD4D;&#xD31;&#xD4D;&#xD31;&#xD7C; &#xD2C;&#xD4D;&#xD30;&#xD3F;&#xD21;&#xD4D;&#x200C;&#xD1C;&#xD3F;&#xD28;&#xD4D;&#xD31; &#xD2E;&#xD47;&#xD2F;&#xD7C; /</subfield>
    <subfield code="c"> &#xD39;&#xD3E;&#xD7B;&#xD21;&#xD3F; &#xD24;&#xD4B;&#xD2E;&#xD38;&#xD4D;</subfield>
  </datafield>
  <datafield tag="260" ind1=" " ind2=" ">
    <subfield code="a">&#xD24;&#xD3F;&#xD30;&#xD41;&#xD35;&#xD28;&#xD28;&#xD4D;&#xD24;&#xD2A;&#xD41;&#xD30;&#xD02; </subfield>
    <subfield code="b">&#xD1A;&#xD3F;&#xD28;&#xD4D;&#xD24;&#xD3E;&#xD2A;&#xD2C;&#xD4D;&#xD32;&#xD3F;&#xD37;&#xD47;&#xD34;&#xD4D;&#x200C;&#xD38;&#xD4D; </subfield>
    <subfield code="c">1920</subfield>
  </datafield>
  <datafield tag="270" ind1=" " ind2=" ">
    <subfield code="b">&#xD24;&#xD3F;&#xD30;&#xD41;&#xD35;&#xD28;&#xD28;&#xD4D;&#xD24;&#xD2A;&#xD41;&#xD30;&#xD02; </subfield>
    <subfield code="d">&#xD07;&#xD28;&#xD4D;&#xD24;&#xD4D;&#xD2F; </subfield>
    <subfield code="e">695035</subfield>
  </datafield>
  <datafield tag="300" ind1=" " ind2=" ">
    <subfield code="a">287p.</subfield>
    <subfield code="c">21cm(pbk)</subfield>
  </datafield>
  <datafield tag="942" ind1=" " ind2=" ">
    <subfield code="2">ddc</subfield>
    <subfield code="c">MA</subfield>
    <subfield code="h">894.8123</subfield>
    <subfield code="m">&#xD24;&#xD4B;&#xD2E;&#xD38;&#xD4D;</subfield>
  </datafield>
  <datafield tag="952" ind1=" " ind2=" ">
    <subfield code="0">0</subfield>
    <subfield code="1">0</subfield>
    <subfield code="2">ddc</subfield>
    <subfield code="4">0</subfield>
    <subfield code="7">1</subfield>
    <subfield code="a">DBAD</subfield>
    <subfield code="b">DBAD</subfield>
    <subfield code="d">2021-04-06</subfield>
    <subfield code="e">DBAD/PUB</subfield>
    <subfield code="g">320.00</subfield>
    <subfield code="l">0</subfield>
    <subfield code="o">894.8123 &#xD24;&#xD4B;&#xD2E;&#xD38;&#xD4D;</subfield>
    <subfield code="p">MA-8751</subfield>
    <subfield code="r">2021-04-06 00:00:00</subfield>
    <subfield code="t">1</subfield>
    <subfield code="v">320.00</subfield>
    <subfield code="w">2021-04-06</subfield>
    <subfield code="y">MA</subfield>
  </datafield>
</record>
